| 000 | 00348nam a2200121Ia 4500 | ||
|---|---|---|---|
| 008 | 250110s9999 xx 000 0 und d | ||
| 041 | _aeng | ||
| 100 |
_aGaikwad Renuka _9182560 |
||
| 245 | _aCenter For Diamond Design And Production | ||
| 260 |
_bFinal Year B. Arch, BNCA _c2014 |
||
| 300 | _a47p | ||
| 700 |
_aGuide Name:Kolhatkar Aniruddha _9210233 |
||
| 999 |
_c363425 _d363425 |
||